Statistics for Country to Region - Multiple Choice Quiz

Click here to take the quiz!

General Stats

  • This quiz has been taken 23 times
  • The average score is 7 of 10

Answer Stats

Question Answer % Correct
QueenslandAustralia
100%
YucatánMexico
100%
NormandyFrance
100%
MacauChina
90%
Tierra del FuegoArgentina
86%
GizaEgypt
81%
LaplandFinland
81%
HarariEthiopia
57%
West AzerbaijanIran
19%
ParanáArgentina
14%

Score Distribution

Percentile by Number Answered

Percent of People with Each Score

Your Score History

You have not taken this quiz